| 000 | 00998cam a2200313 a 4500 | ||
|---|---|---|---|
| 003 | OCoLC | ||
| 005 | 20241220114821.0 | ||
| 008 | 021217s2002 utu 000 1 eng d | ||
| 001 | 51236772 | ||
| 020 | _a096160249X | ||
| 035 | _a(Sirsi) i9780961602499 | ||
| 040 |
_aUUC _cUUC |
||
| 043 |
_an-usp-- _an-us-ut |
||
| 049 | _aUUPA | ||
| 092 | _aDEW | ||
| 100 | 1 |
_aDewey, Richard Lloyd. _930203 |
|
| 245 | 1 | 4 |
_aThe Porter Rockwell chronicles. _nVol. 4 / _cRichard Lloyd Dewey. |
| 246 | 1 |
_iSubtitle on jacket: _aBiographical novel of his miraculous life, loves & legacy |
|
| 260 |
_aProvo, Utah : _bStratford Books, _cc2002. |
||
| 300 |
_a568 p. ; _c24 cm. |
||
| 500 | _a813.6. | ||
| 600 | 1 | 0 |
_aRockwell, Orrin Porter, _d1813-1878 _vFiction. _95719751 |
| 650 | 0 |
_aMormons _zUtah _y19th century _vFiction. _96505307 |
|
| 650 | 0 |
_aFrontier and pioneer life _zWest (U.S.) _vFiction. _95687767 |
|
| 655 | 0 |
_aBiographical fiction. _96157632 |
|
| 942 |
_cBOOK _037 |
||
| 979 | _a469746 | ||
| 998 | _aa82869 | ||
| 999 |
_c37180 _d37180 |
||